Pracovné voľno z dôvodu povodní a nepriaznivého počasia

Počas trvania pracovného pomeru môžu nastať situácie, v ktorých sa zamestnanec nemôže dostaviť do práce, situácie a skutočnosti, ktoré zamestnancovi bránia vo výkone práce alebo znemožňujú zamestnávateľovi prideľovať zamestnancovi prácu. Zákonník práce pre tieto situácie a skutočnosti používa pojem...

Ausführliche Beschreibung

Gespeichert in:
Bibliographische Detailangaben
1. Verfasser: Gášpárová, Eva
Format: Buchkapitel
Sprache:Slowakisch
Schlagworte:
Tags: Tag hinzufügen
Keine Tags, Fügen Sie das erste Tag hinzu!

MARC

LEADER 00000naa a2200000 4500
001 0305246
005 20241122081917.7
041 0 |a slo 
044 |a SK 
245 1 0 |a Pracovné voľno z dôvodu povodní a nepriaznivého počasia  |c Eva Gášpárová 
520 |a Počas trvania pracovného pomeru môžu nastať situácie, v ktorých sa zamestnanec nemôže dostaviť do práce, situácie a skutočnosti, ktoré zamestnancovi bránia vo výkone práce alebo znemožňujú zamestnávateľovi prideľovať zamestnancovi prácu. Zákonník práce pre tieto situácie a skutočnosti používa pojem prekážky v práci. 
610 2 0 |a zamestnanci 
610 2 0 |a zamestnávatelia 
610 2 0 |a práca 
610 2 0 |a pomer pracovný 
610 2 0 |a prekážky v práci 
100 1 |a Gášpárová, Eva